01486cam a22003134a 450000100100000000500170001000800410002701000150006802000150008303500250009804000230012304200080014605000220015424501130017624600110028925000130030026000740031330000210038744000520040850400540046050503560051465000500087070000310092071000330095191000330098408200210101795201170103899900170115500001987620200929170156.0000818s2000 ve b 000 0 spa  a2001317519 a9803451952 a(BoCbEI)ei 000300731 aDO-SdBNPcDLCdDLC apcc00aPQ7084b.H67 200000aHora zero :bla ultima vanguardia latinoamericana de poesia /c[seleccion, introduccion y notas] Tulio Mora.3 aHora 0 a1ra. ed. aLos Teques, Estado Miranda, Venezuela :bAteneo de Los Teques,c2000. a127 p. ;c22 cm. 0aColeccion Ateneo de Los Teques ;vno. 39942407 aIncludes bibliographical references (p. 121-127).0 aAndre Laude -- Jorge Pimentel -- Jorge Najar -- Juan Ramirez Ruiz -- Carmen Olle -- Tristan Cabral -- Tulio Mora -- Jose Cerna -- Cesar Gamarra -- Ricardo Ore -- Enrique Verastegui -- Roberto Bolano -- Pedro Damian -- Yulino Davila -- Mario Santiago Papasquiaro -- Bernardo Alvarez -- Angel Garrido Espinoza -- Bruno Montane Krebs -- Roxana Crisologo. 0aSpanish american poetryy20th century.9424081 aMora, Tulio,d1948-9424092 aMovimiento Hora Zero.942410 aCatalogación derivada / LC00a861/.6408098221 001050718MOaGRbGRcHDd2010-07-08iLF1l0o861/.6408098 p19876-10r2020-06-25w2020-06-25y1ZNo se presta c19389d19389